|
|
|
|
| LEADER |
01056aam a22003258a 4500 |
| 001 |
00037630 |
| 005 |
20171026081025.0 |
| 008 |
170513s2006 ||||||Viesd |
| 041 |
0 |
# |
|a Vie
|
| 082 |
1 |
4 |
|a 372.21
|b GI108TR
|
| 100 |
1 |
# |
|a Nguyễn, Thị Thanh Hà
|
| 245 |
1 |
0 |
|a Giáo trình tổ chức hoạt động vui chơi của trẻ ở trường mầm non
|c Nguyễn Thị Thanh Hà
|
| 260 |
# |
# |
|a Hà Nội
|b Giáo dục
|c 2006
|
| 300 |
# |
# |
|a 90tr.
|c 27cm.
|
| 500 |
# |
# |
|a ĐTTS ghi: Trường cao đẳng sư phạm Mẫu giáo trung ương 3
|
| 653 |
# |
# |
|a Giáo trình
|
| 653 |
# |
# |
|a Tổ chức
|
| 653 |
# |
# |
|a Mầm Non
|
| 653 |
# |
# |
|a Hoạt động
|
| 852 |
# |
# |
|j KD.0020506
|j KGT.0052743
|j KGT.0052776
|
| 852 |
# |
# |
|b Kho đọc
|j KD.0020506
|
| 852 |
# |
# |
|b Kho mượn
|j KM.0021554, KGT.0052776, KGT.0052743
|
| 910 |
|
|
|d 13/05/2017
|
| 980 |
# |
# |
|a Trung tâm Học liệu Lê Vũ Hùng, Trường Đại học Đồng Tháp
|